000 nam a22 7a 4500
999 _c7671
_d7671
008 170927b xxu||||| |||| 00| 0 eng d
100 _94162
_aFULL MARKS
245 _aENGLISH CORE -CBSE-12
260 _aNEW DELHI
_bFULL MARKS
_c17-18